Richard Scarry's floating bananas (Record no. 2554)

MARC details
000 -LEADER
fixed length control field 03302cam a2200301 a 4500
005 - DATE AND TIME OF LATEST TRANSACTION
control field 20240108094538.0
020 ## - INTERNATIONAL STANDARD BOOK NUMBER
International Standard Book Number 033500712005
040 ## - CATALOGING SOURCE
Original cataloging agency DLC
Transcribing agency DLC
Modifying agency DLC
Language of cataloging eng
050 00 - LIBRARY OF CONGRESS CALL NUMBER
Classification number PZ7.S5327
Item number 1993
082 00 - DEWEY DECIMAL CLASSIFICATION NUMBER
Classification number 942.04
100 1# - MAIN ENTRY--PERSONAL NAME
Personal name Scarry, Richard
245 10 - TITLE STATEMENT
Title Richard Scarry's floating bananas
250 ## - EDITION STATEMENT
Edition statement Printed in the U.S.A
260 ## - PUBLICATION, DISTRIBUTION, ETC.
Place of publication, distribution, etc. Racine Wisconsin
Name of publisher, distributor, etc. Western Pub. Co
Date of publication, distribution, etc. 1993
300 ## - PHYSICAL DESCRIPTION
Extent 23 unnumbered pages :
Other physical details color illustrations ;
Dimensions 21 cm
490 0# - SERIES STATEMENT
Series statement A Little golden book
500 ## - GENERAL NOTE
General note "A Golden book, New York."
505 ## - FORMATTED CONTENTS NOTE
Formatted contents note H <br/>
520 ## - SUMMARY, ETC.
Summary, etc. There are periods in history when things are seen dimly as through a veil. Such were the years from 1377 to 1485. During this time the Chronicles were silent and the sources of information few. And yet these were eventful years, filled with important, strange, colorful and sometimes mystifying events. The Wars of the Roses were fought; a few men began to preach and a nation began to listen to new beliefs; the stout men of the soil rose against feudal injustices; and the greatest of mysteries grew out of the deaths of two princes in the Tower of London. This is the period covered by Thomas B. Costain in THE LAST PLANTAGENETS. It is not claiming too much to say that here the veil has been raised and that throughout the book a bright light plays on this century of excitement and romance and stories stranger than fiction. Here we read of a king who devoted much of his reign to reven≥ of the same young monarch riding out boldly to face the peasants demanding a fairer deal; of the winning of Fair Kate of France by the spectacular warrior king, Henry V; of the emergence of a commoner known in history as the Kingmaker; of a ruler who condemned his brother to death and the carrying out of the sentence, according to public report at the time, by drowning the prince in a butt of wine. By way of climax to the saga of the extraordinary Plantagenets with their brilliant successes, tragic reverses and wild extravagances, the last section of the book is devoted to a summary of the case of Richard III. Was Richard the villainous hunchback of stage and story who had his nephews murdered to clear his way to the throne? Or was he the whipping boy of history, whose voice could not be raised in defense from the grave and whose friends did not dare speak out? All the evidence in this unsolved mystery is gathered up and the author achieves in the telling a mounting tension which has never before, perhaps, been reached. Readers today might well raise their eyes from the perusal of newspaper murders to find in this case the strangest and most gripping story of all. This is the fourth, and last, volume in what Thomas B. Costain originally intended to be a history of England. The three earlier volumes were published under the titles The Conquerors, The Magnificent Century and The Three Edwards. Some time in the future the publishers may combine the four, with some necessary additions, to be issued as a history of the Plantagenet kings.
521 ## - TARGET AUDIENCE NOTE
Target audience note 430 Estimate <br/><br/>
Source Lexile <br/>
521 ## - TARGET AUDIENCE NOTE
Target audience note H <br/>
Source Raz-Plus <br/><br/>
650 #1 - SUBJECT ADDED ENTRY--TOPICAL TERM
Topical term or geographic name entry element Gorilla
General subdivision Fiction.
650 #1 - SUBJECT ADDED ENTRY--TOPICAL TERM
Topical term or geographic name entry element Animals
General subdivision Fiction.
650 #1 - SUBJECT ADDED ENTRY--TOPICAL TERM
Topical term or geographic name entry element Bananas
General subdivision Fiction.
906 ## - LOCAL DATA ELEMENT F, LDF (RLIN)
a 7
b cbc
c orignew
d 2
e opcn
f 19
g y-gencatlg
942 ## - ADDED ENTRY ELEMENTS (KOHA)
Source of classification or shelving scheme Dewey Decimal Classification
Koha item type Books
Suppress in OPAC No
999 ## -
-- 2554
-- 2554
Holdings
Withdrawn status Lost status Source of classification or shelving scheme Damaged status Not for loan Collection Home library Current library Shelving location Date acquired Total Checkouts Full call number Barcode Date last seen Date last checked out Price effective from Koha item type
    Dewey Decimal Classification     Juvenile Fiction Footprints International School Library Network Toul Kork Campus Footprints International School Library Network Toul Kork Campus   12/15/2023 1 SCA 942.04 PZ7.S327 FISBK00172 01/16/2024 01/09/2024 12/15/2023 Books